[Event "SRB-chT Cup"]
[Site "Kragujevac"]
[Date "2016.04.23"]
[Round "5.6"]
[White "Jocovic, Slobodan"]
[Black "Simic, Sasa"]
[Result "1/2-1/2"]
[WhiteElo "2087"]
[BlackElo "1700"]
[PlyCount "43"]
[EventDate "2016.04.20"]
[EventType "team-swiss"]
[EventRounds "7"]
[EventCountry "SRB"]
[SourceTitle "CBM 172 Extra"]
[Source "ChessBase"]
[SourceDate "2016.06.21"]
[SourceVersion "1"]
[SourceVersionDate "2016.06.21"]
[SourceQuality "1"]
[WhiteTeam "Ljig Spartak"]
[BlackTeam "Kragujevac Marsic"]
[WhiteTeamCountry "SRB"]
[BlackTeamCountry "SRB"]

1. d4 Nf6 2. Bg5 Ne4 3. Bf4 d5 4. Nd2 Nxd2 5. Qxd2 Bf5 6. Nf3 e6 7. e3 Bd6 8. Bg3 0-0 9. Bd3 Bxd3 10. Qxd3 Nd7 11. 0-0-0 Nf6 12. Bh4 Be7 13. Bxf6 Bxf6 14. g4 c5 15. h4 c4 16. Qd2 a5 17. g5 Be7 18. Ne5 b5 19. f4 Qc7 20. Kb1 b4 21. c3 bxc3 22. bxc3 1/2-1/2